000 00846nam a22002297a 4500
999 _c8510
_d8510
003 AR-CdUCM
008 190325b ||||| |||| 00| 0 spa d
040 _aMUNICIPALIDAD PROVINCIAL DEL CUSCO
_cBIBLIOTECA MUNICIPAL DEL CUSCO
082 _23ed.
_a370 /
_bAL35
100 _aAlarco, Luis Felipe
_911080
245 _aLecciones de Filosofía en la Educación /
260 _aLima :
_bDepartamento de Publicaciones de la Universidad Mayor de San Marcos ;
_c1965.
300 _a179 páginas ;
_c21cm
505 _aContenido: Teoría de la educación -- Doctrinas pedagógicas -- La realidad educacional -- Estructura de la educación -- El educador...
650 _aPedagogía
_91560
650 _aEducación
_9460
650 _aEducador
_9128
650 _aEducando
_923842
710 _aUNMSM
_95688
942 _2ddc
_cLIBROS
945 _anom